Salta al contenuto

Практикум по математике

Практикум по математике предназначен для студентов 1 курса дневной формы обучения биологического факультета, направления «Биология». Он соответствует государственному образовательному стандарту высшего профессионального образования....

Descrizione completa

Salvato in:
Dettagli Bibliografici
Natura: Книга
Lingua:Russian
Pubblicazione: Кемерово КемГУ 2012
Accesso online:http://e.lanbook.com/books/element.php?pl1_id=44321
https://e.lanbook.com/img/cover/book/44321.jpg
Tags: Aggiungi Tag
Nessun Tag, puoi essere il primo ad aggiungerne! !
LEADER 01192nam0a2200217 i 4500
001 44321
003 RuSpLAN
005 20221220173922.0
008 221220s2012 ru gs 000 0 rus
040 |a RuSpLAN 
041 0 |a rus 
044 |a ru 
245 0 0 |a Практикум по математике 
260 |a Кемерово  |b КемГУ  |c 2012 
300 |a 119 с. 
504 |a Библиогр.: доступна в карточке книги, на сайте ЭБС Лань 
520 8 |a Практикум по математике предназначен для студентов 1 курса дневной формы обучения биологического факультета, направления «Биология». Он соответствует государственному образовательному стандарту высшего профессионального образования. 
521 8 |a Книга из коллекции КемГУ - Математика 
856 4 |u http://e.lanbook.com/books/element.php?pl1_id=44321 
856 4 8 |u https://e.lanbook.com/img/cover/book/44321.jpg 
953 |a https://e.lanbook.com/img/cover/book/44321.jpg 
Cannot write session to /tmp/vufind_sessions/sess_lop162vhvr2p9josfljkdkoarj